| Tag |
First Indicator |
Second Indicator |
Subfields |
| LEADER |
00000cam a2200000Mi 4500 |
| 001 |
in00005489213 |
| 006 |
m o d |
| 007 |
cr ||||||||||| |
| 008 |
200317s1755 enk ob 000 0aeng d |
| 005 |
20240917182434.0 |
| 035 |
|
|
|a (OCoLC)on1244008909
|
| 040 |
|
|
|a UKAMD
|b eng
|e rda
|e pn
|c UKAMD
|d OCLCF
|d OCLCO
|d OCLCL
|
| 035 |
|
|
|a (OCoLC)1244008909
|
| 050 |
|
4 |
|a PN2598
|
| 082 |
0 |
4 |
|a 792.028092
|2 23
|
| 049 |
|
|
|a TXAM
|
| 100 |
1 |
|
|a Charke, Charlotte,
|d 1713-1760,
|e author.
|
| 245 |
1 |
2 |
|a A narrative of the life of Mrs. Charlotte Charke (youngest daughter of Colley Cibber, Esq),
|f 1755 /
|c written by herself.
|
| 264 |
|
1 |
|a London :
|b W. Reeve,
|c MDCCLV.
|
| 300 |
|
|
|a 1 online resource (1 volume (277 pages)).
|
| 336 |
|
|
|a text
|b txt
|2 rdacontent
|
| 337 |
|
|
|a computer
|b c
|2 rdamedia
|
| 338 |
|
|
|a online resource
|b cr
|2 rdacarrier
|
| 490 |
1 |
|
|a AM Scholar: Women's Studies.
|
| 500 |
|
|
|a "Collection: Women's Autobiographies"--Home page.
|
| 500 |
|
|
|a "Original Microfilm Part: Part 1: Rare printed autobiographies covering thirty-three womens lives, 1713-1859"--Home page.
|
| 500 |
|
|
|a "Original Microfilm Reel: 3"--Home page.
|
| 504 |
|
|
|a Includes bibliographical references.
|
| 520 |
8 |
|
|a The narrative of Charlotte Charke (1713-1760) describes her life and experiences as an actress, a cross-dresser and a famous playwright's daughter, through periods of prosperity and poverty. Her father was Colley Cibber, the well-known actor, theatre manager and playwright, and her mother Katharine Shore, an actress. The author made her debut on the London stage aged 17, and her great success as Macheath in the Beggar's Opera, 1744-45 is described. This swashbuckling account of the author's life resembles a 'picaresque 18th century fiction' in the style of Fielding, although Charke's historical identity is not in question.
|
| 535 |
1 |
|
|a Cambridge University Library
|
| 542 |
|
|
|f Material sourced from Cambridge University Library.
|
| 588 |
|
|
|a Description based on online resource; title from scanned document's title page (viewed on March 17, 2020).
|
| 600 |
1 |
0 |
|a Charke, Charlotte,
|d 1713-1760.
|
| 600 |
1 |
7 |
|a Charke, Charlotte,
|d 1713-1760
|2 fast
|1 https://id.oclc.org/worldcat/entity/E39PBJcwBCRFyJv4RWPq8DqxXd
|
| 650 |
|
0 |
|a Actresses
|z Great Britain
|v Biography.
|
| 650 |
|
0 |
|a Actors
|z Great Britain
|v Biography.
|
| 650 |
|
6 |
|a Actrices
|z Grande-Bretagne
|v Biographies.
|
| 650 |
|
6 |
|a Acteurs
|z Grande-Bretagne
|v Biographies.
|
| 650 |
|
7 |
|a Actors
|2 fast
|
| 650 |
|
7 |
|a Actresses
|2 fast
|
| 651 |
|
7 |
|a Great Britain
|2 fast
|1 https://id.oclc.org/worldcat/entity/E39PBJdmp7p3cx8hpmJ8HvmTpP
|
| 655 |
|
7 |
|a Electronic books.
|2 local
|
| 655 |
|
7 |
|a Biographies
|2 fast
|
| 710 |
2 |
|
|a Adam Matthew Digital (Firm),
|e digitiser.
|
| 758 |
|
|
|i has work:
|a A narrative of the life of Mrs. Charlotte Charke (youngest daughter of Colley Cibber, Esq) 1755 (Text)
|1 https://id.oclc.org/worldcat/entity/E39PCGKQ7gVrF783MQH9rK3mh3
|4 https://id.oclc.org/worldcat/ontology/hasWork
|
| 830 |
|
0 |
|a AM Scholar: Women's Studies.
|
| 856 |
4 |
0 |
|u http://proxy.library.tamu.edu/login?url=https://www.amscholar.amdigital.co.uk/Documents/Details/WomensAutobiographies_Part1_Reel3_Vol1
|z Connect to the full text of this electronic book
|t 0
|
| 955 |
|
|
|a Adam Matthew Scholar Women's Studies
|
| 994 |
|
|
|a 92
|b TXA
|
| 999 |
f |
f |
|s 446a7e8b-6747-4ce1-96a9-c517f54fbf57
|i 5dc361a5-8e3f-407f-80d7-692cd19f0661
|t 0
|
| 952 |
f |
f |
|a Texas A&M University
|b College Station
|c Electronic Resources
|d Available Online
|t 0
|e PN2598
|h Library of Congress classification
|
| 998 |
f |
f |
|a PN2598
|t 0
|l Available Online
|